000
00329nam a2200133Ia 4500
008
191201s2005 xx 000 0 und d
100
_a
NORMAH Lewis
245
0
_a
How to Read Better and Faster
250
_a
4th
260
_a
N.Delhi
_b
Binny Publishing House
_c
2005
300
_a
239
650
_a
General Books
942
_2
ddc
_c
BK
999
_c
2436
_d
2436